| 000 | 00595nam a22001337a 4500 | ||
|---|---|---|---|
| 005 | 20250806101124.0 | ||
| 008 | 250806b |||||||| |||| 00| 0 eng d | ||
| 050 |
_aTHE S 619 .K4 M35 2021 _bC.1 |
||
| 100 | _aMakone, Samson Manono | ||
| 245 | _aImpact of Irrigation Technologies Promoted Through Project Extension Approach on Farming System and Crop Productivity in Oluch-Kumira, Kenya | ||
| 260 |
_aKisii _bKisii University _c2021 |
||
| 650 | _a1. Irrigation - Kenya. 2. Agricultural innovations - Kenya. 3. Agricultural extension work - Kenya. 4. Crop productivity - Kenya. | ||
| 942 |
_2lcc _cREF |
||
| 999 |
_c215989 _d215989 |
||